书目信息 |
| 题名: |
考研英语阅读理解词汇笔记
|
|
| 作者: | 王建华 主编 ;安娜 参编 | |
| 分册: | 真题卷 | |
| 出版信息: | 北京 机械工业出版社 2005.04 |
|
| 页数: | 262页 | |
| 开本: | 24cm | |
| 丛书名: | 考研英语专项训练系列 | |
| 单 册: | ||
| 中图分类: | H319.4 | |
| 科图分类: | ||
| 主题词: | 英语--ying yu--阅读教学--研究生--入学考试--自学参考资料 , 英语--ying yu--词汇--研究生--入学考试--自学参考资料 | |
| 电子资源: | ||
| ISBN: | 7-111-15023-6 | |
| 000 | 01070nam 2200301 450 | |
| 001 | 0157836095 | |
| 005 | 20051014155328.69 | |
| 010 | @a7-111-15023-6@dCNY24.00 | |
| 100 | @a20050120d2005 km y0chiy0120 ea | |
| 101 | 0 | @achi@aeng |
| 102 | @aCN@b110000 | |
| 105 | @ay z 000yy | |
| 200 | 1 | @a考研英语阅读理解词汇笔记@Akao yan ying yu yue du li jie ci hui bi ji@i真题卷@f王建华主编@Fwang jian hua zhu bian@g安娜… [等] 参编@Gan na…[deng]can bian |
| 205 | @a第2版 | |
| 210 | @a北京@c机械工业出版社@d2005.04 | |
| 215 | @a262页@d24cm | |
| 225 | 2 | @a考研英语专项训练系列 |
| 300 | @a2006年版 | |
| 330 | @a该书包括历年阅读理解全文、文章概要、词汇注释、难句分析和全篇译文五个部分。 | |
| 410 | 0 | @12001 @a考研英语专项训练系列 |
| 517 | 1 | @a真题卷@Azhen ti juan |
| 606 | 0 | @a英语@Aying yu@x阅读教学@x研究生@x入学考试@x自学参考资料 |
| 606 | 0 | @a英语@Aying yu@x词汇@x研究生@x入学考试@x自学参考资料 |
| 690 | @aH319.4@v4 | |
| 701 | 0 | @a王建华@Awang jian hua@4主编 |
| 702 | 0 | @a安娜@Aan na@4参编 |
| 801 | 0 | @aCN@bQSSK@c20051014 |
| 905 | @a10447@dH319.4@eW222 | |
| 考研英语阅读理解词汇笔记.真题卷/王建华主编/安娜… [等] 参编.-第2版.-北京:机械工业出版社,2005.04 |
| 262页;24cm.-(考研英语专项训练系列) |
| 2006年版 |
| ISBN 7-111-15023-6:CNY24.00 |
| 该书包括历年阅读理解全文、文章概要、词汇注释、难句分析和全篇译文五个部分。 |
| ● |
| 相关链接 |
|
|
|
正题名:考研英语阅读理解词汇笔记
索取号:H319.4/W222
 
预约/预借
| 序号 | 登录号 | 条形码 | 馆藏地/架位号 | 状态 | 备注 |
| 1 | 567927 | 205679274 | 自科二线504/504自科库 45排1列5层/ [索取号:H319.4/W222] | 在馆 | |
| 2 | 567928 | 205679283 | 自科二线504/209语言库 12排2列3层/ [索取号:H319.4/W222] | 在馆 | |
| 3 | 567929 | 205679292 | 自科二线504/504自科库 45排1列6层/ [索取号:H319.4/W222] | 在馆 |